Statistics for Countries that lie on the equator

Click here to take the quiz!

General Stats

  • This quiz has been taken 8 times
  • The average score is 10 of 13

Answer Stats

HintAnswer% Correct
South AmericaBrazil
100%
South AmericaEcuador
100%
South AmericaColombia
100%
AfricaRepublic of the Congo
100%
AfricaDemocratic Republic of the Congo
100%
AfricaKenya
88%
AsiaIndonesia
88%
AsiaMaldives
75%
OceaniaKiribati
75%
AfricaUganda
63%
AfricaSomalia
63%
AfricaSao Tome and Principe
50%
AfricaGabon
38%

Score Distribution

Percentile by Number Answered

Percent of People with Each Score

Your Score History

You have not taken this quiz